000 02030naa a2200217 i 4500
001 232463
003 ES-MaBCM
005 20260224131500.0
008 260224b sp ||||| |||| 00| 0 spa d
040 _cES-MaBCM
100 1 _aBecerril Atienza, Belén
_94150
245 1 _aEl Grupo de Amigos de la Mayoría Cualificada. Una propuesta pragmática para la aplicación gradual de la mayoría cualificada en la Política Exterior y de Seguridad Común de la Unión Europea
_cBelén Becerril Atienza
520 _aEl debate sobre la posible extensión de la votación por mayoría cualificada al ámbito de la Política Exterior y de Seguridad Común es tan antiguo como la propia historia de esta política. Los obstáculos para su efectiva aplicación no han desparecido, pero el singular uso del veto ejercido por algunos Estados miembros en los últimos años y los desafíos que afronta la Unión en la escena internacional han constituido un poderoso incentivo para el cambio. La creación en 2023, a instancias de Alemania, del Grupo de Amigos de la Mayoría Cualificada, puso de manifiesto la voluntad de varios Estados miembros de dar pasos concretos para superar el veto. En este artículo se exponen las alternativas que se barajan con ese fin y la propuesta planteada por siete ministros del Grupo de Amigos en 2023. También se aborda la declaración de 2024 de los miembros del Panel de Expertos creado para asesorar al Grupo de Amigos, del que formó parte la autora de este artículo. Por último, se plantea una propuesta para avanzar en la aplicación de la mayoría cualificada, teniendo en cuenta la efectividad y legitimidad del proceso de toma decisiones.
610 2 7 _aUnión Europea
_952895
650 0 _aPolítica común de seguridad y defensa
_9121581
650 7 _aToma de decisiones
_958225
650 0 _aGobernanza
_9119021
651 4 _aPaíses de la Unión Europea
_9115358
773 _dBilbao
_gn. 73 (2025), p. 29-57 - Loc. En línea
_tCuadernos Europeos de Deusto
_w185052
942 _2udc
_cAREV
999 _c232463
_d232463